000 00984nam a2200289 i 4500
003 DO-SdBPM
005 20260427092455.0
007 ta
008 250402t2024 dr 000 pdspa d
020 _z9789945510652
040 _aDO-SdBPM
_bspa
_cBPMSU
_erda
_d
082 0 4 _aRD862.44
_bV182m 2024
_222
100 1 _aVallejo, Osiris,
_d1971-
_eautor
_4aut.
245 1 0 _aMala gente :
_b(obra en tres actos ) /
_cOsiris Vallejo
264 _aSanto Domingo :
_bEditora Nacional,
_bMinisterio de Cultura,
_c2024.
300 _a90 páginas
_c21 cm.
336 _atexto
_btxt
_2rdacontent
337 _asin mediación
_bn
_2rdamedia
338 _avolumen
_bnc
_2rdacarrier
500 _aIncluye datos biográficos del autor en la solapa de la cubierta
586 _aPremio Anual de Teatro Cristóbal de Llerena, 2023.
590 _aInventariado, 2026/ VM
650 7 _aTeatro dominicano
650 7 _aLiteratura dominicana
910 _aVMateo V. Control de calidad BPMSU
942 _2ddc
_cBK
999 _c15793
_d15793